Beşiktaş JK Squad 2023-2024 - Statistics

General Stats
  • This quiz has been taken 276 times
    248 since last reset
  • The average score is 26 of 41
Answer Stats
# Position Nation Player % Correct
34 GK Turkey Mert Günok
95%
1 GK Turkey Ersin Destanoğlu
88%
10 FW Cameroon Vincent Aboubakar
88%
90 FW Turkey Semih Kılıçsoy
81%
2 DF Norway Jonas Svensson
80%
20 DF Turkey Necip Uysal
80%
23 MF Albania Ernest Muçi
79%
11 FW Kosovo Milot Rashica
79%
28 MF Libya Al-Musrati
78%
9 FW Turkey Cenk Tosun
77%
83 MF Portugal Gedson Fernandes
77%
6 DF Gambia Omar Colley
76%
26 DF DR Congo Arthur Masuaku
74%
18 FW Algeria Rachid Ghezzal
74%
15 MF England Alex Oxlade-Chamberlain
73%
12 DF Ghana Daniel Amartey
72%
8 MF Turkey Salih Uçan
70%
7 FW Croatia Ante Rebić
66%
40 FW DR Congo Jackson Muleka
65%
- Coach Portugal Fernando Santos
64%
22 FW Kazakhstan Bakhtiyor Zaynutdinov
62%
- Coach Turkey Şenol Güneş
62%
5 DF Turkey Tayyip Talha Sanuç
61%
71 MF Cameroon Jean Onana
60%
4 DF Turkey Onur Bulut
58%
- Coach Turkey Burak Yılmaz
57%
24 DF France Valentin Rosier
56%
19 MF Bosnia and Herzegovina Amir Hadžiahmetović
55%
17 DF England Joe Worrall
55%
- Coach Turkey Rıza Çalımbay
54%
88 MF Switzerland Gökhan İnler
51%
- Coach Turkey Serdar Topraktepe
49%
97 GK Turkey Utku Yuvakuran
49%
30 DF Ivory Coast Eric Bailly
48%
75 DF Turkey Tayfur Bingöl
46%
77 DF Turkey Umut Meraş
46%
99 FW Turkey Emrecan Bulut
41%
21 MF Turkey Ege Tıknaz
37%
14 DF Turkey Emrecan Uzunhan
31%
94 GK Turkey Göktuğ Baytekin
29%
27 FW Turkey Emirhan Delibaş
13%
No matching quizzes found
Score Distribution
Percent of People with Each Score
Percentile by Number Answered
Your Score History
You have not taken this quiz since the last reset